Kongzi zhe xue tao lun ji /
Saved in:
| Corporate Author: | |
|---|---|
| Format: | Book |
| Language: | Chinese |
| Published: |
Beijing :
Zhonghua shu ju,
1963.
|
| Edition: | Xin 1 ban. |
| Subjects: | |
| Tags: |
Add Tag
No Tags, Be the first to tag this record!
|
| LEADER | 01084cam a2200277 a 4500 | ||
|---|---|---|---|
| 001 | 007724155-X | ||
| 005 | 20024617104250.0 | ||
| 008 | 881222s1963 cc b 000 0 chi d | ||
| 035 | 0 | |a ocm18938730 | |
| 040 | |a TxU |c TxU |d NcU |d HkUST |d *YNH* |d CStRLIN | ||
| 245 | 0 | 0 | |6 880-01 |a Kongzi zhe xue tao lun ji / |c "Zhe xue yan jiu" bian ji bu bian. |
| 250 | |6 880-02 |a Xin 1 ban. | ||
| 260 | |6 880-03 |a Beijing : |b Zhonghua shu ju, |c 1963. | ||
| 300 | |a 2, 477 p. ; |c 21 cm. | ||
| 504 | |a Includes bibliographical references. | ||
| 505 | 2 | |6 880-04 |a Fu lu: Kongzi zhe xue si xiang lun wen suo yin (1951-1962.5): p. [474]-477. | |
| 600 | 0 | 0 | |a Confucius. |
| 650 | 0 | |a Confucianism. | |
| 710 | 2 | |6 880-05 |a Zhe xue yan jiu bian ji bu (Beijing, China) | |
| 880 | 0 | 0 | |6 245-01 |a 孔子哲學討論集 / |c 《哲學研究》編輯部編. |
| 880 | |6 250-02 |a 新1版. | ||
| 880 | |6 260-03 |a 北京 : |b 中華書局, |c 1963. | ||
| 880 | 2 | |6 505-04 |a 附錄: 孔子哲学思想論文索引 (1951-1962.5): p. [474]-477. | |
| 880 | 2 | |6 710-05 |a 《哲學研究》編輯部(Beijing, China) | |
| 988 | |a 20021127 | ||
| 906 | |0 OCLC | ||


